[Event "IRI-chT 16th"]
[Site "Sari"]
[Date "2017.10.19"]
[Round "10.5"]
[White "Bagheri, Maziar"]
[Black "Ghaem Maghami, Ehsan"]
[Result "0-1"]
[WhiteElo "2283"]
[BlackElo "2560"]
[PlyCount "65"]
[EventDate "2017.09.13"]
[EventType "team-swiss"]
[EventRounds "11"]
[EventCountry "IRI"]
[SourceTitle "EXT 2019"]
[Source "ChessBase"]
[SourceDate "2018.10.10"]
[SourceVersion "1"]
[SourceVersionDate "2018.10.10"]
[SourceQuality "1"]
[WhiteTeam "Mazandaran Damoon Sakht"]
[BlackTeam "Tehran Saipa"]
[WhiteTeamCountry "IRI"]
[BlackTeamCountry "IRI"]

1. Nf3 c5 2. c4 Nc6 3. Nc3 g6 4. g3 Bg7 5. Bg2 d6 6. 0-0 e6 7. e3 Nge7 8. d4 0-0 9. d5 Na5 10. Qd3 a6 11. e4 exd5 12. cxd5 b5 13. Re1 Bg4 14. e5 Bxf3 15. exd6 Nf5 16. Qxf3 Nxd6 17. Bf4 Nac4 18. Rac1 Re8 19. b3 Ne5 20. Qd1 c4 21. bxc4 bxc4 22. Rc2 Qa5 23. Bd2 Qc7 24. Ne4 Nd3 25. Nxd6 Qxd6 26. Rxe8+ Rxe8 27. Be3 h5 28. Qe2 Bh6 29. Rxc4 Nxf2 30. Bc5 Rxe2 31. Bxd6 Ng4 32. Bf4 Bxf4 33. gxf4 0-1

[Event "Yerevan op 2nd"]
[Site "Yerevan"]
[Date "2017.09.24"]
[Round "6"]
[White "Korneev, Oleg"]
[Black "Bagheri, Maziar"]
[Result "1-0"]
[WhiteElo "2550"]
[BlackElo "2285"]
[PlyCount "51"]
[EventDate "2017.09.19"]
[EventType "swiss"]
[EventRounds "9"]
[EventCountry "ARM"]
[SourceTitle "CBM 180 Extra"]
[Source "ChessBase"]
[SourceDate "2017.10.06"]
[SourceVersion "1"]
[SourceVersionDate "2017.10.06"]
[SourceQuality "1"]

1. e4 e5 2. Nf3 Nc6 3. Bc4 Bc5 4. 0-0 Nf6 5. d3 d6 6. c3 Bb6 7. Nbd2 Ne7 8. Bb3 c6 9. Re1 Ng6 10. Nf1 0-0 11. Ng3 h6 12. h3 Be6 13. d4 Bxb3 14. Qxb3 exd4 15. cxd4 Re8 16. Bd2 Qd7 17. a4 Qe6 18. Qc2 a6 19. Re2 Rad8 20. Rae1 Ba7 21. b4 d5 22. e5 Nd7 23. Nf5 Bb8 24. Bxh6 gxh6 25. Nxh6+ Kh7 26. Ng5+ 1-0

[Event "Khomeyn Aftab Cup 1st"]
[Site "Khomeyn"]
[Date "2017.08.30"]
[Round "3"]
[White "Bagheri, Maziar"]
[Black "Savchenko, Boris"]
[Result "0-1"]
[WhiteElo "2313"]
[BlackElo "2602"]
[PlyCount "132"]
[EventDate "2017.08.29"]
[EventType "swiss"]
[EventRounds "9"]
[EventCountry "IRI"]
[SourceTitle "CBM 180 Extra"]
[Source "ChessBase"]
[SourceDate "2017.10.06"]
[SourceVersion "1"]
[SourceVersionDate "2017.10.06"]
[SourceQuality "1"]

1. Nf3 c5 2. c4 Nc6 3. Nc3 e6 4. g3 a6 5. Bg2 Nf6 6. 0-0 d6 7. d4 cxd4 8. Nxd4 Bd7 9. e4 Be7 10. Be3 0-0 11. Rc1 Ne5 12. b3 Neg4 13. Bd2 Qb6 14. Be1 Rab8 15. h3 Ne5 16. Kh2 Rfd8 17. f4 Nc6 18. Nde2 Be8 19. Qd2 Nd7 20. Nd5 exd5 21. cxd5 Nce5 22. fxe5 dxe5 23. Bf2 Qg6 24. Nc3 Nf6 25. Rfd1 Bd7 26. Qe2 Qh6 27. Kg1 Rbc8 28. Qe3 Qxe3 29. Bxe3 Ba3 30. Rc2 Rc7 31. Bb6 Bc5+ 32. Bxc5 Rxc5 33. Rdc1 Rdc8 34. Kf2 Ne8 35. Ke3 f5 36. Kd2 Nf6 37. b4 Rc4 38. Ne2 Rxc2+ 39. Rxc2 Rxc2+ 40. Kxc2 Nxe4 41. Bxe4 fxe4 42. h4 Bb5 43. Nc3 Bc4 44. Kd2 Kf7 45. Ke3 Ke7 46. Kxe4 Kd6 47. a3 g6 48. Nd1 Bxd5+ 49. Kd3 Be6 50. Ne3 Ke7 51. Ke4 Kf6 52. Kd3 g5 53. hxg5+ Kxg5 54. Ke4 Kf6 55. Kd3 Bd7 56. Kc4 b6 57. Kd5 h5 58. Ke4 Ke6 59. Kd3 Bb5+ 60. Kc3 Kd6 61. Nf5+ Kd5 62. Ng7 Be2 63. Kd2 Bg4 64. Ne8 Ke4 65. Nd6+ Kf3 66. Nc4 Kxg3 0-1